| 000 | 01058nam a2200217Ii 4500 | ||
|---|---|---|---|
| 003 | JO-AjNU | ||
| 008 | 230605s9999||||xx |||||||||||||| ||und|| | ||
| 017 | _a2013/9/3092 | ||
| 020 | _a978-9957-94-086-7 | ||
| 040 |
_aJO-AjNU _bara _erda _cJO-AjNU |
||
| 041 | _aara | ||
| 050 | 1 | 4 | _aDS154.6.R69 2013 |
| 100 | 3 |
_a عبدالله الثاني بن الحسين، ملك الأردن، 1999, _eauthor _951871 |
|
| 245 | 0 | 0 | _aالرؤية الملكية لمسيرة الإصلاح في الأردن: سلسلة أوراق نشرها جلالة الملك عبدالله الثاني بن الحسين لعرض رؤيته لمسيرة الإصلاح الشامل في الأردن في مختلف المجالات |
| 264 | 3 | 1 | _aعمان: وزارة الثقافة، 2013 |
| 300 | _a73ص | ||
| 336 |
_atext _btxt _2rdacontent |
||
| 337 |
_aunmediated _bn _2rdamedia |
||
| 338 |
_avolume _bnc _2rdacarrier |
||
| 650 | 4 |
_aالاردن - تاريخ - عبدالله الثاني بن الحسين، ملك الأردن، 1999- الاصلاح الشامل _951872 |
|
| 999 |
_aA22944 _c26512 _d26512 |
||